000 00458nam a2200181Ia 4500
003 OSt
005 20260116102030.0
008 210210b1961 xxu||||| |||| 00| 0 eng d
040 _cAL
041 _aKannada
082 _a859/838
100 _aDINESH
_9144984
_dದಿನೇಶ್
245 _aKurupi:
_bಕುರೂಪಿ
260 _aDharavada
_bSamaja Pustakalaya
_c1961
690 _aKannada Fiction
_9144985
906 _a021597
942 _2ddc
_cBK
999 _c145685
_d145685